Kumpulan drama pentas imbas

Bibliographic Details
Main Author: Hashim Yasin
Format: Book
Published: K.L. : DBP , 1987
Subjects:

MARC

LEADER 00000cam a2200000 7i4500
001 0000006543
002 000007057
005 20000330.0
020 |a T000000563 
090 0 0 |a F   |b HAS 
100 0 |a Hashim Yasin 
245 1 0 |a Kumpulan drama pentas imbas   |c Hashim Yasin 
260 |a K.L. :   |b DBP ,   |c 1987 
300 |a 106 p. ;   |c 18 cm. 
650 0 0 |a Malay fiction 
999 |a 038412   |b BUKU   |c PINJAMAN   |e PERPUSTAKAAN KOMUNITI PETALING JAYA